000 00621nmm a2200193Ia 4500
008 251105s9999||||xx |||||||||||||||||und||
020 _a9786071618764
041 _aspa
100 _aOta, Seiko
245 0 _aJosé Juan Tablada: su haikú y su japonismo :
_b Su haikú y su japonismo
264 _a[México D.C., Mexico] :
_bFondo de Cultura Económica,
_c2014
300 _a228 páginas
490 _aLengua y Estudios Literarios
650 _aLatin American literature
700 _aOta, Seiko
700 1 _a Ruedas de la Serna, Jorge
856 _uhttps://public.digitaliapublishing.com/a/43580
942 _cCF
999 _c69606
_d69606